00245nam a2200097Ia 4500008004100000100001700041245003100058260003400089300000800123650001600131191201s2019 xx 000 0 und d aDENNIS, Alan 0aSystem Analysis and Design aN.DelhibJohn willey and Sons a516 aB.Tech(CSE)